[Event "Corus-C"]
[Site "Wijk aan Zee"]
[Date "2004.01.25"]
[Round "13"]
[White "Smeets, Jan"]
[Black "Carlsen, Magnus"]
[Result "1/2-1/2"]
[WhiteElo "2505"]
[BlackElo "2484"]
[Annotator "Rogozenco,Dorian"]
[PlyCount "64"]
[EventDate "2004.01.10"]
[EventType "tourn"]
[EventRounds "13"]
[EventCountry "NED"]
[EventCategory "9"]
[SourceTitle "CBM 099"]
[Source "ChessBase"]
[SourceDate "2004.03.30"]
[SourceVersion "1"]
[SourceVersionDate "2004.03.30"]
[SourceQuality "1"]

1. e4 c5 2. Nf3 d6 3. d4 cxd4 4. Nxd4 Nf6 5. Nc3 g6 6. Be3 Bg7 7. f3 O-O 8. Qd2 Nc6 9. O-O-O Bd7 {This set-up against 9.0-0-0 is less justified than against 9.Bc4. The explanation is simple - the typical counterplay ...Rc8 followed by ...Ne5-c4 loses all its attractivness, since White will take on c4 at once, without wasting time for Bc4-b3.} 10. g4 Rc8 (10... Qa5 11. Nb3 $16) 11. h4 Ne5 (11... h5 12. gxh5 Nxh5 13. Rg1 $16) 12. h5 {A strong (and most direct) continuation. Another possibility is to start with Kb1 (and eventually Be2 next, keeping the pawn on h4). Then after Qa5 Black must consider Nd5. Generally, in this line White must know precisely when to play h5, Kb1 or Be2 and how to combine these moves.} Qa5 (12... Nc4 $2 13. Bxc4 Rxc4 14. hxg6 fxg6 15. e5 {is bad for Black}) 13. Be2 (13. Kb1 {Playing this move here allows Black favourable complications:} Nxf3 $1 {The correct move order. Now the main line goes:} (13... Rxc3 14. Qxc3 Qxc3 15. bxc3 Nxf3 16. h6 $1 {this intermediate move limits Black's options}) 14. Nxf3 Rxc3 15. Qxc3 Qxc3 16. bxc3 Bxg4 17. Bg2 Nxe4 18. Rd3 Nxc3+ 19. Kb2 Nd1+ $11) (13. Nb3 $1 Qc7 14. Be2 b5 (14... Nc4 {is bad again. White takes and then plays e5 at some moment (after 16.hxg6 or 16.h6).}) 15. Kb1 $14 {/} ({Opening the f-file would be a mistake} 15. hxg6 $2 fxg6 $13 {[%cal Gf8f3]})) 13... b5 14. Kb1 (14. Nb3 Qa6 $5 $13) 14... Rxc3 $5 15. Qxc3 Qxc3 16. bxc3 Rc8 {Black gets a typical compensation for Dragon. However, it can hardly secure totally equal chances.} 17. hxg6 $146 ({RR} 17. Kb2 a6 18. Nb3 Be6 19. hxg6 fxg6 20. Bd4 Nfd7 21. f4 Nxg4 22. Bxg7 Kxg7 23. Nd4 Nf2 24. Nxe6+ Kf6 25. Ng5 Nxd1+ 26. Rxd1 h6 27. Bg4 Rc7 28. e5+ dxe5 29. Ne4+ Kf7 30. Rxd7 Rxd7 31. Bxd7 exf4 {Daurelle,H (2223)-Montheard,X (2247) Evry 2005 1-0 (37)}) 17... fxg6 $1 (17... hxg6 18. Kb2 $16) 18. Kb2 a5 19. Bh6 (19. g5 Nh5 20. Rhg1 Nc4+ 21. Bxc4+ Rxc4 $44) 19... Bh8 20. Rhf1 {Protecting pawn f3 and thus threatening to take on b5. However, Black is in time to create some initiative and escape.} (20. Rb1 $1 b4 $140 (20... Be8 21. Bd2 $16 {[%cal Gb2c1]}) 21. cxb4 Nc4+ 22. Kc1 Nxg4 23. fxg4 Bxd4 24. bxa5 Nxa5 25. Bd2 $16 Nc4 26. Rb4 Be6 27. Bxc4 Bxc4 28. a4 $16) (20. Bxb5 $2 Bxb5 21. Nxb5 Nxf3 $17 {[%csl Rc3,Re4,Rg4]}) 20... Nc4+ 21. Bxc4+ Rxc4 22. Rd3 (22. Rb1 b4 $36) 22... Be8 $132 {[%cal Gf6d7,Gd7c5,Ge8f7]} (22... b4 23. Kb3) 23. Rb1 b4 24. Kc1 (24. Kb3 $2 Bf7) 24... Nd7 25. Nb3 Bxc3 26. Nxa5 Rc8 27. Bd2 Ne5 $11 28. Bxc3 Nxd3+ 29. cxd3 Rxc3+ (29... bxc3 $5 $13 {it is not clear how can White prove that pawn on c3 is a weakness. Black wants to push the h-pawn (not mentioning the concrete threat 30...Ra8) and his chances are by no means worse, while White needs more accuracy.}) 30. Kd2 Ra3 31. Nc4 Rxa2+ 32. Ke3 Bb5 (32... Ra4 33. Nb6 $11) 1/2-1/2

[Event "Moscow Aeroflot op-A"]
[Site "Moscow"]
[Date "2004.02.18"]
[Round "2"]
[White "Yurtaev, Leonid"]
[Black "Carlsen, Magnus"]
[Result "0-1"]
[WhiteElo "2527"]
[BlackElo "2484"]
[Annotator "Ftacnik,Lubomir"]
[PlyCount "74"]
[EventDate "2004.02.17"]
[EventType "swiss"]
[EventRounds "9"]
[EventCountry "RUS"]
[SourceTitle "CBM 100"]
[Source "ChessBase"]
[SourceDate "2004.06.01"]
[SourceVersion "1"]
[SourceVersionDate "2004.06.01"]
[SourceQuality "1"]

1. e4 c5 2. Nf3 d6 3. d4 cxd4 4. Nxd4 Nf6 5. Nc3 a6 6. Be2 e5 7. Nb3 Be7 8. O-O O-O 9. f4 b5 10. Bf3 Bb7 11. fxe5 ({RR} 11. a3 Nbd7 12. Kh1 Rc8 13. Re1 Qc7 14. Re2 Rfe8 15. Qe1 Bf8 16. f5 h6 17. Qg3 Kh8 18. Bd2 Nb6 19. Na5 Ba8 20. Rae1 {½-½ (20) Seitaj,I (2386)-Soylu,S (2385) Istanbul 2001}) 11... dxe5 (11... Qb6+ 12. Qd4 Qxd4+ 13. Nxd4 dxe5 14. Nf5 Bb4 15. Bg5 Nbd7 16. Rad1 h6 17. Bd2 Rfd8 18. Rfe1 Nb6 19. Ne3 Bc5 {0-1 Saastamoinen,A-Tyni,J/Tampere 1989/ (35)}) 12. Qxd8 {Yurtaev simplifies into an endgame, in which he keeps the slight initiative due to the better developed pieces.} (12. a3 Nbd7 13. Kh1 Qc7 14. Qe1 Rac8 15. Bd2 Nb6 16. Na5 Ba8 17. Qg3 Kh8 18. Rad1 h6 19. Bg4 Rcd8 20. Bf5 Nh7 21. Bxh7 Kxh7 22. Qg4 Qc8 {0-1 Wolter,K-Heinemann,T/Muenster 1992/ (40)}) 12... Rxd8 (12... Bxd8 13. Be3 Nbd7 14. Rad1 Rc8 $11) 13. Na5 $146 ({RR} 13. Bg5 Nc6 14. Rad1 Nd4 15. Nxd4 exd4 16. Bxf6 Bxf6 17. Nd5 Be5 18. Rd2 Kf8 19. g3 Rac8 20. Bg4 Rc5 21. Bf3 Rdc8 22. Nb4 Rc4 23. Nd3 Bb8 24. Rff2 Re8 25. Rde2 Rec8 26. Kg2 Ke7 27. e5 Bxf3+ {Demaria,J (2215)-Kutowski,M (2258) chess.com INT 2025 0-1 (35)}) 13... Bc8 14. Nd5 (14. Be3 Bb4 15. Bb6 Rd6 16. Rad1 Nbd7 $11) 14... Nxd5 15. exd5 Bc5+ 16. Kh1 Bb6 (16... f5 $1 17. Bg5 Re8 18. Rad1 Bb6 19. Nb3 Nd7 $11) 17. Bd2 Bf5 (17... f5 18. c4 e4 19. Be2 $11) 18. c4 (18. Rae1 $1 f6 (18... Bxc2 19. Rxe5 Nd7 20. Re7 Nf6 21. Nb7 Rd7 22. d6 $16) 19. d6 e4 20. Bxe4 (20. Rxe4 Bxe4 21. Bxe4 Ra7 22. Bd5+ Kf8 23. Bb4 Rad7 24. c4 Bxa5 25. Bxa5 Rxd6 26. Bb4 a5 27. Bxd6+ Rxd6 $11) 20... Bxe4 21. Rxe4 Rxd6 22. Bb4 Rd7 23. Re8+ Kf7 24. Rfe1 Rda7 $11) 18... Bd3 19. Rfe1 Nd7 20. Rac1 $6 {White is still ambitious, but he probably should have worried about equality.} (20. Nc6 bxc4 (20... Re8 21. d6 Bf2 22. Nxe5 Bxe1 23. Rxe1 Rxe5 24. Rxe5 Nxe5 25. Bxa8 Bxc4 26. b3 $16) 21. Nxd8 Rxd8 22. Bc3 Bf2 23. Rxe5 Nxe5 24. Bxe5 Bc5 $11) 20... Re8 (20... Bf2 $1 21. d6 (21. Red1 e4 $17) 21... Bxe1 22. Rxe1 bxc4 23. Bxa8 Rxa8 24. Rc1 $15) 21. b3 (21. Be2 Bxa5 22. Bxa5 bxc4 $17) 21... e4 22. Be2 Bf2 $1 (22... Ne5 $2 23. c5 $1 e3 24. Bb4 Bxa5 (24... Bxe2 25. cxb6 Nd3 26. Nc6 Nxc1 27. b7 Rab8 28. Nxb8 Rxb8 29. Rxc1 Bg4 30. h3 Bf5 31. g4 $18) 25. Bxa5 Bxe2 26. Rxe2 Nd3 27. Rc3 Nf4 28. Rexe3 Nxd5 29. Rxe8+ Rxe8 30. Rd3 $14) (22... Nc5 23. Nc6 Bxe2 24. Rxe2 Nd3 25. Rf1 $11) 23. Rf1 e3 $1 {[%mdl 64] Suddenly Carlsen is so active, that he can afford small combination aiming at the dislocated knight on a5.} 24. Bxd3 (24. Bxe3 Bxe2 25. Bxf2 Bxf1 26. Rxf1 Re2 $17) 24... exd2 25. Rcd1 Re1 26. Rxd2 (26. g4 Ne5 27. Rxd2 Nxd3 28. Kg2 Rxf1 29. Kxf1 Be1 30. Rxd3 Bxa5 31. c5 Bb4 32. c6 Bd6 $17) 26... Rxf1+ 27. Bxf1 Be1 28. Rd1 (28. Rb2 Bxa5 29. b4 Bd8 30. cxb5 a5 $17) 28... Bxa5 29. cxb5 axb5 30. Bxb5 Rd8 {White is left with two pawns for the piece, but no real chance for successful resistance.} 31. d6 Kf8 32. g3 (32. a3 Nf6 33. d7 Bc3 34. Rd3 Be5 35. Kg1 Ke7 $19) 32... Nf6 33. d7 Ke7 34. a3 Nxd7 35. b4 Ne5 36. Rxd8 (36. Re1 Bc7 37. a4 Rd4 38. Rb1 Bd6 $19) 36... Bxd8 37. a4 Kd6 0-1

[Event "Moscow Aeroflot op-A"]
[Site "Moscow"]
[Date "2004.02.22"]
[Round "6"]
[White "Carlsen, Magnus"]
[Black "Yakovich, Yuri"]
[Result "1-0"]
[WhiteElo "2484"]
[BlackElo "2591"]
[PlyCount "74"]
[EventDate "2004.02.17"]
[EventType "swiss"]
[EventRounds "9"]
[EventCountry "RUS"]
[SourceTitle "EXT 2005"]
[Source "ChessBase"]
[SourceDate "2004.11.15"]
[SourceVersion "1"]
[SourceVersionDate "2004.11.15"]
[SourceQuality "1"]

1. e4 c5 2. Nf3 Nc6 3. Nc3 e6 4. d4 cxd4 5. Nxd4 a6 6. g3 d6 7. Bg2 Bd7 8. O-O Nf6 9. Nxc6 Bxc6 10. a4 Be7 11. a5 O-O 12. Qe2 ({RR} 12. Re1 Rc8 13. Be3 Nd7 14. Nb1 Bf6 15. Ra2 Qc7 16. c4 Rfd8 17. Qe2 Ra8 18. Rc1 Rdc8 19. Nd2 b6 20. Nb3 e5 21. axb6 Nxb6 22. Na5 Bd7 23. b4 Be6 24. Rac2 Be7 25. f4 Rab8 26. f5 Bd7 {Yuste Valenzuela,A (2170)-Sanchez L,S (2418) Alicante ESP 2025 0-1 (49)}) 12... Qc7 13. Rd1 b5 $146 ({RR} 13... Rae8 14. Bf4 Nd7 15. b3 Ne5 16. Be3 f5 17. f4 Ng4 18. Bb6 Qc8 19. Rd3 fxe4 20. Nxe4 e5 21. Nxd6 Bxd6 22. Rxd6 Bxg2 23. Qxg2 exf4 24. gxf4 Rxf4 25. Rad1 Ne3 26. Bxe3 Rg4 {0-1 (26) Rodriguez Vila,A (2541)-Mekhitarian,K (2503) Villa Martelli 2012}) ({RR} 13... Rae8 14. Bf4 Nd7 15. h4 Ne5 16. Be3 Nd7 17. f4 Rc8 18. g4 Bf6 19. Ra3 Bxc3 20. bxc3 d5 21. exd5 Bxd5 22. Bxd5 exd5 23. Qf3 Nf6 24. Bd4 Ne4 25. g5 Rfe8 26. h5 Qd7 27. Qg2 Qf5 28. Rf1 {Kolosowski,M (2423)-Gritsak,O (2544) Szklarska Poreba 2013 1-0 (49)}) 14. axb6 Qxb6 15. b3 Rfd8 16. Ba3 Bf8 17. Rd3 a5 18. Rad1 Ne8 19. e5 Bxg2 20. Kxg2 Rac8 21. exd6 Bxd6 22. Na4 Qc7 23. Bxd6 Rxd6 24. Rxd6 Nxd6 25. Qe5 Nb7 26. Qb5 Nd6 27. Qe5 Qc6+ 28. Kg1 Nb7 29. c4 h6 30. Qb5 Qe4 31. Nb6 Qe2 32. Nxc8 Qxd1+ 33. Kg2 Nd6 34. Qd7 Qd3 35. Nxd6 a4 36. Qxf7+ Kh8 37. Qe8+ Kh7 1-0

[Event "Moscow Aeroflot op-A"]
[Site "Moscow"]
[Date "2004.02.23"]
[Round "7"]
[White "Volokitin, Andrei"]
[Black "Carlsen, Magnus"]
[Result "1-0"]
[WhiteElo "2594"]
[BlackElo "2484"]
[Annotator "Ftacnik,Lubomir"]
[PlyCount "55"]
[EventDate "2004.02.17"]
[EventType "swiss"]
[EventRounds "9"]
[EventCountry "RUS"]
[SourceTitle "CBM 100"]
[Source "ChessBase"]
[SourceDate "2004.06.01"]
[SourceVersion "1"]
[SourceVersionDate "2004.06.01"]
[SourceQuality "1"]

1. e4 {Ftacnik,Lubomir} c5 2. Nf3 d6 3. d4 cxd4 4. Nxd4 Nf6 5. Nc3 a6 6. Bc4 b5 7. Bb3 e6 8. Qf3 Qc7 9. g4 ({RR} 9. Bg5 Nbd7 10. O-O-O Bb7 11. Rhe1 h6 ({RR} 11... Be7 12. Bxe6 Ne5 13. Qh3 fxe6 14. Nxe6 Qc4 15. Nxg7+ Kf8 16. Nf5) 12. Qh3 hxg5 ({RR} 12... Nc5 13. Bxf6 ({RR} 13. f3 Be7 14. Be3 b4) 13... gxf6 14. a3 Rc8 15. Kb1) 13. Qxh8 Qc5 ({RR} 13... b4 14. Na4 Nxe4 15. f3 Nec5 16. Nxc5 Nxc5 17. Qh5) 14. Qh3 ({RR} 14. Bxe6 fxe6 15. Nxe6 Qxf2 ({RR} 15... Qb6 16. Nxf8 Nxf8 17. Qxg7) 16. Nc7+ Kd8 17. Nxa8 Bxa8 18. e5) 14... Qe5 15. Kb1 ({RR} 15. Bxe6 fxe6 16. Qxe6+ Be7 17. Nd5 Qxe6 18. Nxe6 Nxd5 19. exd5 Kf7 20. Nxg7) 15... O-O-O 16. f3 Re8 ({RR} 16... b4 17. Nce2 g4 18. Qg3) 17. a4 ({RR} 17. g4 Kb8 18. Qg2) 17... b4 18. Na2 Qc5 19. c3 bxc3 ({RR} 19... g4 20. Qg3 gxf3 21. gxf3 bxc3 22. Re3) 20. Re3 Kb8 ({RR} 20... cxb2 21. Rc3) 21. Rxc3 Qb6 22. Qg3 Be7 ({RR} 22... g4 23. Bc2 gxf3 24. gxf3 Rc8 25. Nb3 Rxc3 26. Nxc3) 23. h4 ({RR} 23. Bc2 g4 24. Rb3) 23... gxh4 {Amonatov,F (2569)-Makarov,M (2531) Sochi 2004 EXT 2020 [Ftacnik,Lubomir] 1-0 (39)} ({RR} 23... Bxe4+ 24. fxe4 Nxe4 25. Qf3 Nxc3+ 26. Nxc3 Ne5 27. Qg3 gxh4 28. Qxg7 Rc8)) 9... b4 ({RR} 9... h6 10. h4 b4 11. Na4 Bb7 12. Qe2 Nxe4 13. Rg1 Nd7 14. Be3 Be7 15. f3 Bxh4+ 16. Kd1 Nec5 17. Nf5 Bf6 18. Bd4 Bxd4 19. Nxd4 O-O-O 20. a3 bxa3 21. Rxa3 Ne5 22. Kc1 Nc6 23. Nxc6 Qxc6 24. Nxc5 {Dragnev,V (2582)-Khayrullin,D (2331) chess.com INT 2024 ½-½ (100)}) 10. g5 Nfd7 $146 (10... bxc3 $5 11. gxf6 Nd7 12. fxg7 Bxg7 13. Qxc3 Qxc3+ 14. bxc3 Nc5 15. f3 Be5 $13) ({RR} 10... bxc3 11. gxf6 Nd7 12. Rg1 Nxf6 13. Ba4+ Bd7 14. e5 Nd5 15. exd6 Qxd6 16. Bxd7+ Qxd7 17. bxc3 Rc8 18. Bb2 g6 19. c4 Rxc4 20. Qe2 Qa4 21. O-O-O Ba3 22. Nxe6 Bxb2+ 23. Kxb2 Re4 24. Nc7+ Kf8 25. Qf3 {Morawietz,D (2393)-Matthaei,A (2351) Cologne 2004 0-1 (39)}) 11. Na4 Nc6 12. Be3 Na5 (12... Bb7 13. O-O-O $36) 13. O-O-O $6 {Volokitin plays extremely aggressive chess as befits young player, but sometimes the chosen set up just doesn't yeld results.} (13. O-O Ne5 14. Qe2 Bb7 15. Nb6 Rb8 (15... Qxb6 16. Ba4+ $18) 16. Ba4+ Kd8 17. Nf3 Nec4 $13) 13... Bb7 14. Bd2 (14. Kb1 Nxb3 15. cxb3 d5 16. Qh5 Qe5 $17) 14... Nxb3+ (14... d5 15. Qh3 Nxb3+ 16. Qxb3 Rc8 $17) 15. Qxb3 Be7 {Carlsen avoids direct danger, but 15...e5! might have been a refutation of white ideas.} (15... e5 $1 16. Ne2 Bxe4 17. f3 Bc6 18. Bxb4 Rb8 $19) (15... Bxe4 16. Nxe6 Qxc2+ 17. Qxc2 Bxc2 18. Nxg7+ Bxg7 19. Kxc2 Rc8+ 20. Kb3 $14) 16. Bxb4 Bxe4 $2 (16... Bxg5+ 17. Kb1 Be7 18. f3 Rb8 $13) 17. Rhe1 $1 {All white pieces are in active positions (with a small exception of knight a4), the situation is critical for black.} Bd5 (17... Bxg5+ 18. Kb1 d5 (18... Bg6 19. Bxd6 $16) 19. f3 Bh4 (19... Bg6 20. Qxd5 $18) 20. fxe4 Bxe1 21. Rxe1 dxe4 22. Nxe6 fxe6 23. Qxe6+ Kd8 24. Rd1 $18) (17... Bg6 18. f4 Rc8 19. f5 exf5 (19... Bh5 20. g6 hxg6 21. fxe6 $18) 20. Nb5 axb5 21. Bxd6 O-O (21... Qxc2+ 22. Qxc2 Rxc2+ 23. Kxc2 bxa4 24. Rxe7+ Kd8 25. Ba3 f4+ 26. Kc3 Bf5 27. Rxf7 $18) 22. Bxc7 Bxg5+ 23. Kb1 bxa4 24. Qxa4 $18) 18. Qg3 O-O (18... Rb8 19. Ba3 g6 20. Nc3 Ba8 (20... Nb6 21. Nxd5 Nxd5 22. Nxe6 fxe6 23. Rxd5 $16) 21. Nxe6 fxe6 22. Bxd6 Bxd6 23. Rxe6+ Kd8 24. Rexd6 Bc6 25. Rxc6 $18) 19. Nf5 $1 exf5 (19... Bd8 20. Bxd6 Qb7 21. Nc3 Bf3 22. Rd3 exf5 23. Bxf8 Nxf8 24. Qxf3 Bxg5+ 25. Kb1 $18) 20. Rxe7 Qc4 (20... Rfc8 21. Nc3 Be6 22. Qxd6 Qc4 23. b3 Qg4 24. Nd5 $18) 21. Qxd6 {It becomes obvious, that black has failed in the defensive task.} Be6 (21... Bc6 22. b3 Qb5 23. c4 Qb7 24. Bc3 $18) 22. b3 Qh4 23. Rxe6 fxe6 24. Qxe6+ Kh8 (24... Rf7 25. Rxd7 Qxg5+ 26. Kb2 $18) 25. Be7 $1 {Very fine move that underlines the hopless location of knight d7.} (25. Bxf8 Qxg5+ 26. Qe3 Qxe3+ 27. fxe3 Nxf8 28. Nc5 $16) 25... Qxf2 26. Qxd7 Rfe8 27. Bc5 Qh4 28. Qxf5 1-0

[Event "Moscow Aeroflot op-A"]
[Site "Moscow"]
[Date "2004.02.25"]
[Round "9"]
[White "Carlsen, Magnus"]
[Black "Rustemov, Alexander"]
[Result "1/2-1/2"]
[WhiteElo "2484"]
[BlackElo "2585"]
[PlyCount "44"]
[EventDate "2004.02.17"]
[EventType "swiss"]
[EventRounds "9"]
[EventCountry "RUS"]
[SourceTitle "CBM 100"]
[Source "ChessBase"]
[SourceDate "2004.06.01"]
[SourceVersion "1"]
[SourceVersionDate "2004.06.01"]
[SourceQuality "1"]

1. e4 {Psakhis,Lev} e6 2. d4 d5 3. e5 c5 4. c3 Qb6 5. Nf3 Bd7 6. a3 ({RR} 6. Be2) ({RR} 6. Bd3) 6... Bb5 7. b4 ({RR} 7. c4 Bxc4 8. Bxc4 dxc4 9. d5) 7... cxd4 8. Bxb5+ Qxb5 9. cxd4 Nd7 10. Nc3 Qc6 11. Na4 ({RR} 11. Bb2 Nb6 12. Nd2 Ne7 13. O-O Nf5 14. Rc1 Qd7 15. Ne2 Be7) ({RR} 11. Bd2 Nb6 12. O-O Ne7 13. b5 Qc4 14. a4 Nf5 15. a5 Nd7 16. Ra4) 11... Ne7 ({RR} 11... Nb6 12. Nxb6 ({RR} 12. Nc5 Nc4) 12... axb6 13. Bb2 Ne7 ({RR} 13... Nh6 14. Rc1 Qd7 15. Rc3 Be7 16. Bc1) 14. O-O Nc8 15. Rc1 Qd7 16. Rc3) 12. Be3 Nb6 ({RR} 12... Nf5) 13. Nxb6 Qxb6 14. O-O Nf5 $146 ({RR} 14... Nc6 15. Ne1 Be7 ({RR} 15... a5 16. Qa4 Be7 17. Nd3 O-O 18. b5 Na7 19. Rab1) 16. Qg4 g6 17. Nd3 O-O ({RR} 17... a5 18. Nc5) 18. Nc5 Qc7 ({RR} 18... Bxc5 19. bxc5) 19. Rac1 Rfc8 20. h4 ({RR} 20. Rc3) 20... b6 21. Nd3 Qd7 22. h5 Bf8 ({RR} 22... a5 23. b5 Nd8 24. a4) 23. Nf4 Bg7 ({RR} 23... b5 24. Nd3 a5 25. Nc5 Qe8) 24. h6 Bxh6 ({RR} 24... Bh8) ({RR} 24... Bf8 25. Nh5 Be7) 25. Nh5 ({RR} 25. Nxg6 fxg6 26. Bxh6 Ne7) 25... Bg7 26. Nxg7 Kxg7 27. Qh4 Kg8 ({RR} 27... h5 28. Qf6+ Kh7 29. g4 Qe7 30. Qf4 ({RR} 30. Rxc6 Qxf6 31. Rxc8 Qf3 32. Rxa8 Qxg4+) 30... g5 31. Qh2 h4 32. f4) 28. Bg5 f5 ({RR} 28... h5 29. Bf6) 29. exf6 {Grischuk,A (2712)-Gurevich,M (2634) France 2003 CBM 095 [Psakhis,Lev] 1-0 (34)} {RR} e5 30. f4 e4 31. f5) ({RR} 14... Qb5 15. a4 Qd7 16. b5 Nf5 17. Qd3 Be7 ({RR} 17... Nxe3 18. fxe3 Be7)) ({RR} 14... Nc6 15. Ne1 Be7 16. Qg4 g6 17. Nd3 O-O 18. Nc5 Rfc8 19. h4 a5 20. h5 axb4 21. axb4 Qxb4 22. Rab1 Qa3 23. hxg6 hxg6 24. Nxe6 Qd3 25. Nf4 Qe4 26. Rxb7 Re8 27. Qf3 Ra4 28. Nxd5 Qxf3 29. gxf3 {Kubecka,D (2252)-Cifka,S (2347) Prague 2005 1-0 (47)}) 15. Rc1 Qd8 16. Qa4+ Qd7 17. Qa5 Be7 18. Rc7 b6 19. Rxd7 bxa5 20. Rb7 axb4 21. axb4 O-O 22. g4 Nxe3 1/2-1/2

[Event "Reykjavik op 21st"]
[Site "Reykjavik"]
[Date "2004.03.08"]
[Round "2"]
[White "Carlsen, Magnus"]
[Black "Timman, Jan H"]
[Result "0-1"]
[WhiteElo "2484"]
[BlackElo "2578"]
[PlyCount "102"]
[EventDate "2004.03.07"]
[EventType "swiss"]
[EventRounds "9"]
[EventCountry "ISL"]
[SourceTitle "CBM 099 Extra"]
[Source "ChessBase"]
[SourceDate "2004.05.04"]
[SourceVersion "1"]
[SourceVersionDate "2004.05.04"]
[SourceQuality "1"]

1. e4 {Ribli,Zoltan ChessBase} c5 2. Nf3 Nc6 3. d4 cxd4 4. Nxd4 e6 5. Nc3 a6 6. g3 Nge7 7. Nb3 d6 8. Bg2 Bd7 9. O-O Nc8 10. a4 Be7 11. Qe2 O-O 12. Be3 Na5 ({RR} 12... Qc7 13. f4 Rb8 ({RR} 13... Bf6 14. a5 Nb4 ({RR} 14... N6a7 15. e5 dxe5 16. Ne4 Be7 17. fxe5 Qxe5 18. Bd4 Qc7 19. Qh5) 15. Qd2 Rb8 16. Rfd1 Rd8 17. Bd4 e5 18. Be3 b5 19. f5 Be7 20. g4 Be8 21. Qf2) 14. g4 Re8 15. g5 Nb4 ({RR} 15... Bf8 16. a5) 16. Qf2 b5 17. axb5 axb5 18. f5 Nxc2 ({RR} 18... Bf8 19. g6) 19. Qxc2 b4 20. g6 e5 ({RR} 20... bxc3 21. gxf7+ Kxf7 22. fxe6+ Kxe6 23. Bh3+ Ke5 24. Bd4#) ({RR} 20... hxg6 21. fxg6 fxg6 22. e5 bxc3 23. Qxg6) 21. Nc5 bxc3 ({RR} 21... dxc5 22. Nd5 Qd8 23. gxf7+ Kxf7 24. Nxe7 Qxe7 25. Qc4+ Kf8 26. Bxc5) 22. Na6 Rxb2 ({RR} 22... Qb7 23. Nxb8 Qxb8 24. gxf7+ Kxf7 25. bxc3) 23. Nxc7 Rxc2 24. Nxe8 Bxe8 25. f6 Rxg2+ ({RR} 25... Bxf6 26. Bh3 Ne7 27. Ra8) 26. Kxg2 Bxf6 27. Ra8 {Topalov,V (2645)-Illescas Cordoba,M (2590) Alcobendas 1994 CBM 045 [Ribli,Zoltan] 1-0}) ({RR} 12... Qc7 13. f4 Nb4 14. Qf2 Rb8 15. Rfd1 b5 16. axb5 axb5 17. Nd4 Bf6 {½-½ (17) Barbosa,E (2407)-Di Berardino,D (2490) Guarapari 2012}) ({RR} 12... Qc7 13. f4 Bf6 14. Rfd1 Rb8 15. a5 Rd8 16. Na4 N6e7 17. c3 e5 18. f5 b5 19. Nb6 h6 20. h4 b4 21. c4 Be8 22. Qf2 h5 23. Qf3 Nxb6 24. Bxb6 Rxb6 25. axb6 Qxb6+ 26. Qf2 Qc7 27. c5 {Timman,J (2610)-Romanishin,O (2580) Sarajevo 1984 1-0 (40)}) 13. Nxa5 Qxa5 14. Qd2 $146 ({RR} 14. Bd4 Bd8 15. Rfd1 ({RR} 15. Rad1) 15... Bc6 16. Qc4 Nb6 17. Qb3 Nd7 18. Qa3 Be7 19. Nd5 Bxd5 ({RR} 19... exd5 20. exd5 Bxa4 21. Qxa4 Qxa4 22. Rxa4) 20. exd5 e5 21. Be3 Rac8 22. Rac1 f5 23. c4 Qc7 24. a5 e4 25. b4 Ne5 26. c5 Qd7 27. Bf4 Bf6 28. f3 Nd3 {De Firmian,N (2540)-Zapata,A (2535) Tunis 1985 IZT [ChessBase] 1-0 (58)}) ({RR} 14. Bd4) ({RR} 14. Bd4 Bc6 15. Qg4 g6 16. Rad1 b5 17. axb5 axb5 18. Rfe1 b4 19. Nb1 e5 20. Be3 Qc7 21. Bh6 Re8 22. c4 Nb6 23. Nd2 Na4 24. Rb1 Nc5 25. Nf1 Qb7 26. Qe2 b3 27. f3 Ra4 28. Ne3 Ne6 {Subasic,I (2320)-Zapata,A (2495) Zenica 1986 ½-½ (65)}) 14... Qc7 15. Ne2 Bf6 16. c3 Rd8 17. f4 Rb8 18. g4 b5 19. g5 Be7 20. a5 d5 21. f5 dxe4 22. f6 Bc5 23. Kh1 Bc6 24. Qc1 Bxe3 25. Qxe3 Rd3 26. Qg1 Nd6 27. Nf4 Rf3 28. Rad1 Nc4 29. Qc5 Nxa5 30. Nh5 Nb7 31. Qa7 g6 32. Ng3 Rxf1+ 33. Nxf1 a5 34. Ng3 Rd8 35. Rxd8+ Qxd8 36. Bxe4 Bxe4+ 37. Nxe4 Qd5 38. Kg1 h6 39. Qa8+ Nd8 40. Qxd5 exd5 41. Nd6 hxg5 42. Nxb5 Nc6 43. Kf2 Ne5 44. Kg3 a4 45. Nc7 Nc4 46. Nxd5 Nxb2 47. Nb4 Kh7 48. Kf3 Kh6 49. Ke4 g4 50. Kd5 a3 51. Kd6 g5 0-1

[Event "Reykjavik op 21st"]
[Site "Reykjavik"]
[Date "2004.03.09"]
[Round "3"]
[White "Arngrimsson, Dagur"]
[Black "Carlsen, Magnus"]
[Result "0-1"]
[WhiteElo "2239"]
[BlackElo "2484"]
[PlyCount "70"]
[EventDate "2004.03.07"]
[EventType "swiss"]
[EventRounds "9"]
[EventCountry "ISL"]
[SourceTitle "CBM 099 Extra"]
[Source "ChessBase"]
[SourceDate "2004.05.04"]
[SourceVersion "1"]
[SourceVersionDate "2004.05.04"]
[SourceQuality "1"]

1. e4 c5 2. c3 d5 3. exd5 Qxd5 4. d4 g6 5. Nf3 Bg7 6. c4 Qe4+ 7. Be3 cxd4 8. Nxd4 Nf6 ({RR} 8... Bxd4 9. Qxd4 Qxd4 10. Bxd4 Nf6 11. Nc3 Nc6 12. Bxf6 exf6 13. Nd5 O-O 14. O-O-O Kg7 15. f3 Be6 16. Nc7 Rac8 17. Nxe6+ fxe6 18. Be2 Ne5 19. b3 b5 20. f4 Nc6 21. Rd7+ Rf7 22. Rhd1 bxc4 23. Bxc4 {Garcia,A (1951)-Pica,E (1663) chess.com INT 2025 1-0}) 9. Nc3 Qe5 10. Be2 O-O 11. Ndb5 $146 ({RR} 11. O-O Nc6 12. Nxc6 bxc6 13. Rc1 Bf5 14. Qd4 Qc7 15. Qh4 Rfd8 16. Rfd1 Rab8 17. b3 Qa5 18. Na4 e5 19. Rxd8+ Rxd8 20. f3 Bd3 21. Qe1 Qc7 22. Bxd3 Rxd3 23. Rd1 Rxd1 24. Qxd1 e4 25. Nc5 exf3 {Hanley,C (2387)-Dvorak,T (2319) Millfield 2003 1-0}) ({RR} 11. O-O Rd8 12. Qb3 Rxd4 13. Bxd4 Qxd4 14. Rfd1 Qc5 15. Rd8+ Bf8 16. Rad1 Nc6 17. Na4 Qe5 18. R8d2 Bh6 19. Rc2 Bf5 20. Qxb7 Rb8 21. Qxc6 Bxc2 22. Nc3 Bxd1 {0-1 (22) Snap,C-Hughes,D Oklahoma 2008}) 11... Nc6 12. Qc1 Bg4 13. f3 Be6 14. Bf4 Qh5 15. Nc7 Rad8 16. Nxe6 fxe6 17. O-O Nd4 18. Re1 Qf5 19. Bd1 Nd7 20. Be3 Nc5 21. Rf1 Nd3 22. Qb1 Qe5 23. Bf2 Nxf2 24. Rxf2 Qe3 25. Qe4 Bh6 26. Kf1 Qxe4 27. fxe4 Be3 28. Rxf8+ Rxf8+ 29. Bf3 Nxf3 30. gxf3 Rxf3+ 31. Kg2 Rf2+ 32. Kg3 Rxb2 33. Nd1 Re2 34. Kf3 Re1 35. Rb1 Bd4 0-1